1011 1133 1358 1913 1915 1099 1367 1006 1129 1603 1698 1014 1891 1122 1514 1108 1239 1349 1963 1651 1858 1031 1648 1835 1583 1053 1187 1281 1785 1948 1532 1824 1296 1368 1435 1136 1769 1516 1206 1193 1788 1068 1315 1053 1754 1398 1056 1056 1394 1612 1443 1120 1917 1628 1988 1911 1068 1750 1329 1483 1806 1368 1101 1215 1850 1323 1577 1504 1080 1616 1955 1843 1506 1406 1397 1919 1769 1064 1712 1365 1108 1854 1132 1177 1491 1281 1320 1467 1717 1662 1762 1316 1867 1400 1661 1139 1455 1454 1351 BCNSPRNW ULIB Ver.6.0+V

เปลี่ยนเป็นภาษาไทย

Change to English
 แสดงรายละเอียดบรรณานุกรม
  กลับหน้าหลัก

Brief Record : Get Marc (ISO 2709) : E-mail record : QR code < ปิดหน้าต่าง
LEADER : 00000nam 2200000uu 4500
001    13399120951
003     ULIB
008    121029s2550||||th 000 0 tha d
060 04 ^aWR140^bว432ร 2550
100 0  ^aวันทนีย์ บุญบงการ
245 10 ^aความรู้เรื่องโรค:^bโรคทางผิวหนัง /^cโดย วันทนีย์ บุญบงการ
250    ^aพิมพ์ครั้งที่ 1
260    ^aกรุงเทพฯ :^bยูบุ๊ค,^c2550
300    ^a78 หน้า :^bภาพประกอบสี
650  7 ^aโรคทางผิวหนัง
945    ^p0^l0^i16237
995    ^aกัณชพร
999 ^a ใช้งานได้ทุกระบบ
รายการนี้ยังไม่มีแท็ก
คุณยังไม่ได้ล็อกอิน คุณสามารถมีกิจกรรมร่วมกับเว็บไซต์ได้ แต่ต้องล็อกอินก่อน ::
  ล็อกอิน

รายการสื่อสารสนเทศ

ลำดับที่ ประเภท เลขเรียก/บาร์โค้ด สถานที่ สถานะ
1. วิทยาศาสตร์การแพทย์ และสุขภาพ
วิทยาศาสตร์การแพทย์ และสุขภาพ
WR140 ว432ร 2550  
  Barcode: 16237
ห้องสมุดวิทยาเขตสวรรค์ประชารักษ์
►ส่วนจัดเก็บหนังสือเก่า สปร
บนชั้น
  ขอยืม

รายการใกล้เคียง
    ผู้แต่ง [วันทนีย์ บุญบงการ]

    หัวเรื่อง [โรคทางผิวหนัง]

BibComment


ยังไม่เคยถูกคอมเมนท์

คอมเมนท์ทรัพยากรรายการนี้
  คอมเมนท์: ความรู้เรื่องโรค..


 Copyright 2026. Bcnsprnw @Library